NELSON'S NEW TESTAMENT SURVEY; (Record no. 6807)
[ view plain ]
| 000 -LEADER | |
|---|---|
| fixed length control field | 00495nam a22001577a 4500 |
| 005 - DATE AND TIME OF LATEST TRANSACTION | |
| control field | 20250701175442.0 |
| 008 - FIXED-LENGTH DATA ELEMENTS--GENERAL INFORMATION | |
| fixed length control field | 250701b |||||||| |||| 00| 0 eng d |
| 020 ## - INTERNATIONAL STANDARD BOOK NUMBER | |
| International Standard Book Number | 020049050385 |
| 050 ## - LIBRARY OF CONGRESS CALL NUMBER | |
| Classification number | BS2341 |
| Item number | .2 BAI |
| 100 ## - MAIN ENTRY--PERSONAL NAME | |
| Personal name | BAILEY MARK |
| 245 ## - TITLE STATEMENT | |
| Title | NELSON'S NEW TESTAMENT SURVEY; |
| Remainder of title | DISCOVER THE BACKGROUND, THEOLOGY AND MEANING OF EVERY BOOK IN THE NEW TESTAMENT |
| 260 ## - PUBLICATION, DISTRIBUTION, ETC. | |
| Place of publication, distribution, etc. | NASHVILLE |
| Name of publisher, distributor, etc. | THOMAS NELSON PUBLISHERS |
| Date of publication, distribution, etc. | c1999 |
| 300 ## - PHYSICAL DESCRIPTION | |
| Extent | xiii, 691p |
| 700 ## - ADDED ENTRY--PERSONAL NAME | |
| Personal name | CONSTABLE TOM |
| 942 ## - ADDED ENTRY ELEMENTS (KOHA) | |
| Source of classification or shelving scheme | Library of Congress Classification |
| Koha item type | Books |
| Suppress in OPAC | No |
| 999 ## - | |
| -- | 6807 |
| -- | 6807 |
| Withdrawn status | Lost status | Source of classification or shelving scheme | Damaged status | Not for loan | Collection | Home library | Current library | Shelving location | Date acquired | Total checkouts | Full call number | Barcode | Date last seen | Copy number | Price effective from | Koha item type |
|---|---|---|---|---|---|---|---|---|---|---|---|---|---|---|---|---|
| Library of Congress Classification | Non-fiction | Undergraduate Library (Christ Temple) | Undergraduate Library (Christ Temple) | General stacks | 07/01/2025 | BS2341.2 BAI | ulct00003655 | 07/01/2025 | 1 | 06/09/2025 | Books |